Recuerdos y bellezas de España : Asturias y León (Record no. 35524)

000 -CABECERA
campo de control de longitud fija 00551nam#a2200205#c#4500
003 - IDENTIFICADOR DEL NÚMERO DE CONTROL
campo de control IEF
005 - FECHA Y HORA DE LA ÚLTIMA TRANSACCIÓN
campo de control 20180219153825.0
008 - CÓDIGOS DE INFORMACIÓN DE LONGITUD FIJA
campo de control de longitud fija 941031s1977 uuu####fr####| 0||u| |u
040 ## - FUENTE DE LA CATALOGACIÓN
Centro catalogador de origen IEF
100 1# - PUNTO DE ACCESO PRINCIPAL - NOMBRE DE PERSONA
Nombre de persona Quadrado Nieto, José María
9 (RLIN) 36511
245 ## - MENCIÓN DE TÍTULO
Título Recuerdos y bellezas de España : Asturias y León
260 ## - PUBLICACIÓN, DISTRIBUCIÓN, ETC. (PIE DE IMPRENTA)
Lugar de publicación distribución etc. Salinas
Nombre del editor distribuidor etc. Ayalga
Fecha de publicación distribución etc. 1977
300 ## - DESCRIPCIÓN FÍSICA
Extensión VI, 460 p.
Otras características físicas lam.
Dimensiones 30 cm.
500 ## - NOTA GENERAL
Nota general Ed. facsímil de la del 1855
650 #4 - PUNTO DE ACCESO ADICIONAL DE MATERIA--TÉRMINO DE MATERIA
Término de materia o nombre geográfico como elemento inicial ASTURIAS
9 (RLIN) 32214
650 #4 - PUNTO DE ACCESO ADICIONAL DE MATERIA--TÉRMINO DE MATERIA
Término de materia o nombre geográfico como elemento inicial CASTILLA Y LEON
9 (RLIN) 33553
942 ## - ELEMENTOS DE PUNTO DE ACCESO ADICIONAL (KOHA)
Tipo de ítem Koha Libros
942 ## - ELEMENTOS DE PUNTO DE ACCESO ADICIONAL (KOHA)
-- 3531
Holdings
Estado de retiro Estado de pérdida Estado dañado No para préstamo Localización permanente Fecha de adquisición Signatura topográfica completa Código de barras Fecha visto por última vez Precio válido a partir de Tipo de ítem Koha
      Disponible para préstamo IEF 1994-10-31 30174 30174 2018-02-19 2018-02-19 Libros

Powered by Koha